| 000 | 00348pab a2200145 454500 | ||
|---|---|---|---|
| 008 | 180718b2015 xxu||||| |||| 00| 0 eng d | ||
| 100 | _aTripathi, Shashi Uban | ||
| 245 | _aIndian diaspora: building confidence | ||
| 260 | _c2015 | ||
| 300 | _ap.43-45. | ||
| 362 | _aJul | ||
| 650 | _aNonresident Indians | ||
| 773 | _aYojana | ||
| 909 | _a108256 | ||
| 999 |
_c108251 _d108251 |
||